书目信息 |
| 题名: |
无线局域网安全—方法与技术
|
|
| 作者: | 马建峰 编著 | |
| 分册: | ||
| 出版信息: | 北京 机械工业出版社 2005.08 |
|
| 页数: | 310页 | |
| 开本: | 28cm | |
| 丛书名: | ||
| 单 册: | ||
| 中图分类: | TN92 | |
| 科图分类: | ||
| 主题词: | 无线电通信 | |
| 电子资源: | ||
| ISBN: | 978-7-111-16565-1 | |
| 000 | 00639nam0 2200229 45 | |
| 001 | 0932406029 | |
| 005 | 20091112095823.79 | |
| 010 | @a978-7-111-16565-1@dCNY28.00 | |
| 100 | @a20090515d2005 ekmy0 y0120 ea | |
| 102 | @aCN@b130000 | |
| 102 | @aCN@b110000 | |
| 105 | @ay z 000yy | |
| 200 | 1 | @a无线局域网安全—方法与技术@f马建峰等编著@Fma jian feng deng bian zhu |
| 210 | @a北京@c机械工业出版社@d2005.08 | |
| 210 | @a北京@c机械工业出版社 | |
| 215 | @a310页@d28cm | |
| 606 | 0 | @a无线电通信 |
| 690 | @aTN92@v4 | |
| 701 | 0 | @a马建峰@Ama jian feng@4编著 |
| 801 | 0 | @aCN@c20091112 |
| 905 | @a10447@dTN92@eM0711 | |
| 906 | @d28@n3@r1 | |
| 无线局域网安全—方法与技术/马建峰等编著.-北京:机械工业出版社,2005.08.-北京:机械工业出版社 |
| 310页;28cm |
| ISBN 978-7-111-16565-1:CNY28.00 |
| ● |
| 相关链接 |
|
|
|
正题名:无线局域网安全—方法与技术
索取号:TN92/M0711
 
预约/预借
| 序号 | 登录号 | 条形码 | 馆藏地/架位号 | 状态 | 备注 |
| 1 | 897299 | 208972995 | 自科库301/301自科库 999排2列3层/ [索取号:TN92/M0711] | 在馆 |